Statistiques concernant Êtes-vous rapide ? Test de rapidité des 5 sens

Cliquez ici pour prendre le quiz!

Statistiques générales

  • Ce quiz a été pris 329 fois
  • Le résultat moyen est 4 sur 10

Statistiques - réponses

Sens et verbe% Correct
Ouïe
61%
Odorat
56%
Toucher
54%
Toucher
54%
Vue
54%
Gout
43%
Voir
41%
Gouter
17%
Ouïr
9%
Odorer
2%

Distribution des résultats

Percentile par nombre de réponses

% des personnes avec chaque résultat

Votre développement - résultats

Vous n’avez pas pris ce quiz